1868 1304 1759 1318 1546 1396 1913 1638 1067 1704 1041 1924 1806 1366 1585 1958 1225 1182 1263 1619 1148 1781 1530 1834 1667 1569 1187 1372 1976 1644 1874 1013 1863 1083 1697 1935 1716 1907 1134 1843 1278 1510 1905 1457 1621 1441 1702 1594 1651 1691 1379 1193 1341 1340 1841 1276 1595 1584 1669 1380 1142 1785 1276 1410 1055 1275 1727 1529 1569 1543 1052 1529 1607 1148 1154 1566 1350 1142 1730 1554 1653 1219 1297 1447 1617 1275 1811 1318 1918 1694 1996 1369 1611 1973 1064 1124 1355 1096 1091 BCNSPRNW ULIB Ver.6.0+V

เปลี่ยนเป็นภาษาไทย

Change to English
 แสดงรายละเอียดบรรณานุกรม
  กลับหน้าหลัก

Brief Record : Get Marc (ISO 2709) : E-mail record : QR code < ปิดหน้าต่าง
LEADER : 00000nam 2200000uu 4500
001    13399113941
003     ULIB
008    110320s||||||||th 000 0 tha d
099    วจ.WA540.JT3^bจ253ก
100 0  จันทร์จิรา อินจีน
245 00 การมีส่วนร่วมของชุมชนในการวางแผนแก้ไขปัญหาสุขภาพอนามัยบ้านทุ่งต้นศรี ตำบลห้วยลาน อำเภอดอกคำใต้ จังหวัดพะเยา/^cจันทร์จิรา อินจีน และ กนกวรรณ เอี่ยมชัย
260    พะเยา :^bวิทยาลัยพยาบาลบรมราชชนนี พะเยา,^c2554
300    112 หน้า :^bตาราง
500    รายงานการวิจัย
650  7 การมีส่วนร่วมของชุมชน^xวิจัย
650  7 ปัญหาสุขภาพชุมชน^xวิจัย
700 02 กนกวรรณ เอี่ยมชัย
710 2  วิทยาลัยพยาบาลบรมราชชนนี. ^bพะเยา
945    ^p0^l0^i030972
995    ทศพร
999 ^a ใช้งานได้ทุกระบบ
รายการนี้ยังไม่มีแท็ก
คุณยังไม่ได้ล็อกอิน คุณสามารถมีกิจกรรมร่วมกับเว็บไซต์ได้ แต่ต้องล็อกอินก่อน ::
  ล็อกอิน

รายการสื่อสารสนเทศ

ลำดับที่ ประเภท เลขเรียก/บาร์โค้ด สถานที่ สถานะ
1. งานวิจัย
งานวิจัย
วจ.WA540.JT3 จ253ก ฉ.1 
  Barcode: 030972
ห้องสมุดวิทยาเขตสวรรค์ประชารักษ์
►วิจัย
บนชั้น

BibComment


ยังไม่เคยถูกคอมเมนท์

คอมเมนท์ทรัพยากรรายการนี้
  คอมเมนท์: การมีส่วนร่วมของช..


 Copyright 2026. Bcnsprnw @Library